Statistics for Total drama all stars

Click here to take the quiz!

General Stats

  • This quiz has been taken 213 times
  • The average score is 12 of 15

Answer Stats

Hint Answer % Correct
Punkduncan
99%
lots of personalitiesmike
96%
hostchris
90%
cooks the foodchef
89%
really meanheather
85%
really likes codysierra
84%
girlfriend of two abovezoe
83%
trapped in a robot suitalejandro
83%
smartcameron
82%
cares of abovecourtney
82%
addicted to videogamessam
82%
cheatsscott
79%
likes makeup a lotlindsay
74%
vain, stronglightning
73%
tomboyjoe
61%

Score Distribution

Percentile by Number Answered

Percent of People with Each Score

Your Score History

You have not taken this quiz